01679agaaa2200325 45000010005000000030009000050050017000140070009000310080040000400400023000800410013001031000048001161300020001642450119001842500022003032600127003253000034004525080093004865110087005795200125006665380016007915460013008076500071008207000062008917000070009537000059010239420012010829990019010949520240011136459IT-RoPAU20220918181225.0d cvaizq50131s9999||||xx ||| | || ||und|| aIT-RoPAUcIT-RoPAU aITALIANO aSofocle gCodice regista SPICS: 1149937588 aEDIPO RE937589 aEDIPO REcSceneggiatura: Gassman Vittorio -- Diretto da: Sofocle pEDIPO RE (Rif. Codice opera principale : C6459) aEdizione Standard aROMA (ITALIA)bRAI - RADIO TELEVISIONE ITALIANA / Distribuzione: UNIVIDEOg"1992 (1° ed.: 1993 ; Ed. Lingua Orig.: n.d.)" aVHSbsonoro, col.c124 minuti a"Musica: Berio Luciano; Sceneggiatura: Gassman Vittorio; Scenografia: Polidori Gianni; " a"Gassman Vittorio; Mangano Riccardo; Corsini Attilio; Buazzelli Tino; Massari Lea" aTEATRO CLASSICO MODERNO. EDIPO. IL SACERDOTE. CREONTE. TIRESIA. GIOCASTA MESSO CORINZIO PASTORE. NUNZIO. TRAGEDIA GREGA. aPAL, STEREO aITALIANO aTRAGEDIAeTV-TEATRO/DANZA [VHS]xCodice MATERIA SPICS: 9961937590 aBerio Lucianoe(musica)gCodice Musica SPICS: 9299937591 aGassman Vittorio e(soggetto)gCodice Soggetto SPICS: 6231937592 aSofocle e(regista)gCodice regista SPICS: 1149937588 cVH2ddc c104774d104774 0010406C_6459_00000000000000071aSPICSbSPICSd2015-01-31l0oC6459r2015-01-31 00:00:00w2015-01-31yVHzProgr. Ins.: 421 / N.Vol.:1 / Copie: 1 / Pag.:0 / Copia rara: n.d. / date import: 1.2.2015 / By Epidotti, Trombetti, Vaglietti